000 00790nam a22002417a 4500
999 _c379173
_d379173
001 92742
003 UA-OsUOA
005 20200212154343.0
007 ta
008 20121224b un ||||| |||| 00| 0 ukr d
040 _aUA-OsUOA
_brus
_cUA-OsUOA
_dUA-OsUOA
041 _arus
080 _a821.161.1
090 _a821.161.1
_bБ83
100 _aБорщаговский А.
245 _aИзбранные произведения в двух томах: где поселится кузнец
_nт. 2
260 _aМ.
_bХудожественная литература
_c1982
300 _a535 с.
650 7 _a82 Література. Літературознавство
_2UDC
942 _cBK
_2udc
955 _a3